000
00190 a2200097 4500
020
_a
9788423322763
041
_a
spa
100
_a
Nick butterwort
245
_a
Una Noche de Nieve
942
_c
K
999
_c
31243
_d
31241